Statistics for UCI Road World Champions (since 2000)

Click here to take the quiz!

General Stats

  • This quiz has been taken 134 times
    (36 since last reset)
  • The average score is 18 of 24

Answer Stats

EditionAnswerNationality% Correct
2021 FlandersJulian AlaphilippeFrance
100%
2020 ImolaJulian AlaphilippeFrance
100%
2023 GlasgowMathieu van der PoelThe Netherlands
100%
2017 BergenPeter SaganSlovakia
100%
2016 DohaPeter SaganSlovakia
100%
2015 RichmondPeter SaganSlovakia
100%
2022 WollongongRemco EvenepoelBelgium
100%
2018 InnsbruckAlejandro ValverdeSpain
96%
2014 PonferradaMichał KwiatkowskiPoland
96%
2019 YorkshireMads PedersenDenmark
92%
2012 ValkenburgPhilippe GilbertBelgium
92%
2013 FlorenceRui CostaPortugal
92%
2011 CopenhagenMarc CavendishGreat Britain
88%
2005 MadridTom BoonenBelgium
79%
2009 MendrisioCadel EvansAustralia
75%
2010 GeelongThor HushovdNorway
67%
2004 VeronaÓscar FreireSpain
58%
2001 LisbonÓscar FreireSpain
58%
2007 StuttgartPaolo BettiniItaly
54%
2006 SalzburgPaolo BettiniItaly
54%
2008 VareseAlessandro BallanItaly
46%
2002 Zolder/HasseltMario CipolliniItaly
38%
2000 PlouayRomāns VainšteinsLatvia
29%
2003 HamiltonIgor AstarloaSpain
25%

Score Distribution

Percentile by Number Answered

Percent of People with Each Score

Your Score History

You have not taken this quiz since the last reset